Buku penuntun membuat ikan asin. (Record no. 64919)

MARC details
000 -LEADER
fixed length control field 00742cam a22002291 4500
001 - CONTROL NUMBER
control field sa 65006878
003 - CONTROL NUMBER IDENTIFIER
control field DLC
005 - DATE AND TIME OF LATEST TRANSACTION
control field 20260227112145.0
008 - FIXED-LENGTH DATA ELEMENTS--GENERAL INFORMATION
fixed length control field 850617s1964 io a 000 0 ind
010 ## - LIBRARY OF CONGRESS CONTROL NUMBER
LC control number sa 65006878
025 ## - OVERSEAS ACQUISITION NUMBER
Overseas acquisition number PL480:Indo-1421
035 ## - SYSTEM CONTROL NUMBER
System control number (OCoLC)12166853
040 ## - CATALOGING SOURCE
Original cataloging agency DLC
Transcribing agency HU
Modifying agency DLC
042 ## - AUTHENTICATION CODE
Authentication code premarc
050 00 - LIBRARY OF CONGRESS CALL NUMBER
Classification number SH336.S3
Item number I5
110 1# - MAIN ENTRY--CORPORATE NAME
Corporate name or jurisdiction name as entry element Indonesia.
Subordinate unit Departemen Perindustrian Rakjat.
245 10 - TITLE STATEMENT
Title Buku penuntun membuat ikan asin.
Statement of responsibility, etc. Diselenggarakan oleh PN. PR. Nupriksa Yasa.
260 ## - PUBLICATION, DISTRIBUTION, ETC.
Place of publication, distribution, etc. [Djakarta,
Name of publisher, distributor, etc. Bagian Penjuluhan Direktorat Industrialisasi, Departemen Perindustrian Rakjat,
Date of publication, distribution, etc. 1964?]
300 ## - PHYSICAL DESCRIPTION
Extent 18 p.
Other physical details illus.
Dimensions 22 cm.
650 #0 - SUBJECT ADDED ENTRY--TOPICAL TERM
Topical term or geographic name entry element Fishery products
General subdivision Preservation.
650 #0 - SUBJECT ADDED ENTRY--TOPICAL TERM
Topical term or geographic name entry element Salting of food.

No items available.

Powered by Koha